|
|
|
|
| LEADER |
00000cam a2200000 c 4500 |
| 001 |
273888358 |
| 003 |
DE-627 |
| 005 |
20251222212538.0 |
| 007 |
tu |
| 008 |
870323s1986 xxk||||| m 00| ||eng c |
| 016 |
7 |
|
|a b8609881
|2 UK
|
| 020 |
|
|
|a 0198229135
|9 0-19-822913-5
|
| 035 |
|
|
|a (DE-627)273888358
|
| 035 |
|
|
|a (DE-576)012640824
|
| 035 |
|
|
|a (DE-599)GBV273888358
|
| 035 |
|
|
|a (OCoLC)230838862
|
| 035 |
|
|
|a (OCoLC)13156540
|
| 035 |
|
|
|a (OCoLC)13156540
|
| 040 |
|
|
|a DE-627
|b ger
|c DE-627
|e rakwb
|
| 041 |
|
|
|a eng
|
| 044 |
|
|
|c XA-GB
|
| 050 |
|
0 |
|a HV7988
|
| 050 |
|
0 |
|a HV8196.A2
|
| 082 |
0 |
|
|a 363.2/0942
|
| 082 |
0 |
|
|a 363.20942
|
| 082 |
0 |
|
|a 363.2'2'0942
|
| 084 |
|
|
|a NT 6600
|2 rvk
|0 (DE-625)rvk/131086:
|
| 084 |
|
|
|a PW 9180
|2 rvk
|0 (DE-625)rvk/140989:
|
| 100 |
1 |
|
|a Kent, Joan R.
|4 aut
|
| 245 |
1 |
4 |
|a The English village constable 1580 - 1642
|b a social and administrative study
|c Joan R. Kent
|
| 264 |
|
1 |
|a Oxford
|b Clarendon Press
|c 1986
|
| 300 |
|
|
|a VIII, 325 S.
|
| 336 |
|
|
|a Text
|b txt
|2 rdacontent
|
| 337 |
|
|
|a ohne Hilfsmittel zu benutzen
|b n
|2 rdamedia
|
| 338 |
|
|
|a Band
|b nc
|2 rdacarrier
|
| 502 |
|
|
|a Zugl.: Diss.
|
| 583 |
1 |
|
|a Archivierung prüfen
|c 20240324
|f DE-4165
|z 1
|2 pdager
|
| 650 |
|
0 |
|a Constables
|x History
|x 16th century
|x England
|
| 650 |
|
0 |
|a Constables
|x History
|x 17th century
|x England
|
| 650 |
|
0 |
|a Villages
|x History
|x England
|
| 653 |
|
0 |
|a Constables
|a England
|a History
|a 16th century
|
| 653 |
|
0 |
|a Constables
|a England
|a History
|a 17th century
|
| 655 |
|
7 |
|a Hochschulschrift
|0 (DE-588)4113937-9
|0 (DE-627)105825778
|0 (DE-576)209480580
|2 gnd-content
|
| 689 |
0 |
0 |
|d g
|0 (DE-588)4014770-8
|0 (DE-627)10466553X
|0 (DE-576)208909346
|a England
|2 gnd
|
| 689 |
0 |
1 |
|d s
|0 (DE-588)4012775-8
|0 (DE-627)106346768
|0 (DE-576)208900330
|a Dorf
|2 gnd
|
| 689 |
0 |
2 |
|d s
|0 (DE-588)4135253-1
|0 (DE-627)104451092
|0 (DE-576)209659211
|a Polizeibeamter
|2 gnd
|
| 689 |
0 |
3 |
|a z
|2 gnd
|a Geschichte
|
| 689 |
0 |
|
|5 (DE-627)
|
| 856 |
4 |
2 |
|u http://www.loc.gov/catdir/enhancements/fy0636/86003070-d.html
|x Verlag
|y Publisher description
|7 1
|
| 889 |
|
|
|w (DE-627)01360936X
|
| 935 |
|
|
|i mdedup
|
| 935 |
|
|
|i Blocktest
|
| 936 |
r |
v |
|a NT 6600
|b Großbritannien (England, Schottland, Irland)
|k Geschichte
|k Allgemeine Rechts-, Verfassungs- und Verwaltungsgeschichte
|k Darstellungen zur Rechts-, Verfassungs- und Verwaltungsgeschichte
|k Einzelne Staaten und Völker
|k Europa
|k Großbritannien (England, Schottland, Irland)
|0 (DE-627)1271538687
|0 (DE-625)rvk/131086:
|0 (DE-576)201538687
|
| 936 |
r |
v |
|a PW 9180
|b England / Britische Inseln
|k Rechtswissenschaft
|k Deutsche und ausländische Rechtsgeschichte
|k Europäische Rechtsgeschichte
|k England / Britische Inseln
|0 (DE-627)127070642X
|0 (DE-625)rvk/140989:
|0 (DE-576)20070642X
|
| 951 |
|
|
|a BO
|
| ELC |
|
|
|b 1
|
| LOK |
|
|
|0 000 xxxxxcx a22 zn 4500
|
| LOK |
|
|
|0 001 3256462316
|
| LOK |
|
|
|0 003 DE-627
|
| LOK |
|
|
|0 004 273888358
|
| LOK |
|
|
|0 005 19900724000000
|
| LOK |
|
|
|0 008 900724||||||||||||||||ger|||||||
|
| LOK |
|
|
|0 040
|a DE-21
|c DE-627
|d DE-21
|
| LOK |
|
|
|0 852
|a DE-21
|
| LOK |
|
|
|0 852 1
|c KB 18 A 1677
|9 00
|
| LOK |
|
|
|0 935
|a krim
|
| LOK |
|
|
|0 936ln
|a k2
|
| LOK |
|
|
|0 939
|a 24-07-90
|b l01
|
| ORI |
|
|
|a SA-MARC-krimdoka001.raw
|
| SIG |
|
|
|a UB: KB 18 A 1677
|
| TIM |
|
|
|a 000000000000_100017071231
|b - 1707
|